LEADER 01048nam 2200385 450 001 9910798967303321 005 20200520144314.0 010 $a1-68325-336-1 035 $a(CKB)3710000000939490 035 $a(MiAaPQ)EBC4731968 035 $a(Au-PeEL)EBL4731968 035 $a(CaPaEBR)ebr11294278 035 $a(OCoLC)962451729 035 $a(EXLCZ)993710000000939490 100 $a20161122h20162016 uy 0 101 0 $aspa 135 $aurcnu|||||||| 181 $2rdacontent 182 $2rdamedia 183 $2rdacarrier 200 00$aOleo $eCurso de dibujo y pintura /$fEditorial De Vecchi, editor 210 1$a[Dublin], Ireland :$cDe Vecchi,$d2016. 210 4$d2016 215 $a1 online resource (101 pages) $cillustrations, photographs 311 $a84-315-2634-3 606 $aPainting$xTechnique 615 0$aPainting$xTechnique. 676 $a751.4 801 0$bMiAaPQ 801 1$bMiAaPQ 801 2$bMiAaPQ 906 $aBOOK 912 $a9910798967303321 996 $aOleo$93755265 997 $aUNINA